|
|
|
|
| LEADER |
00000nam a2200000 i 4500 |
| 001 |
DIGEDUFV0012 |
| 003 |
NyNyDIG |
| 008 |
200417s2019 sp a ob 000 0 spa d |
| 006 |
m o d |
| 007 |
cr ||||||||||| |
| 035 |
|
|
|a (OCoLC)1152771471
|
| 040 |
|
|
|a DGITA
|b eng
|e rda
|e pn
|c DGITA
|
| 020 |
|
|
|a 9788417641276
|q edición digital
|
| 020 |
|
|
|a 8417641270
|q edición digital
|
| 020 |
|
|
|z 9788417641269
|
| 020 |
|
|
|z 8417641262
|
| 043 |
|
|
|a e-sp---
|
| 050 |
1 |
4 |
|a D16.8 ebook
|
| 082 |
0 |
4 |
|a 901
|
| 245 |
0 |
0 |
|a Homenaje a Mario Hernández Sánchez-Barba.
|n I,
|p El tiempo histórico de Mario Hernández Sánchez-Barba /
|c coordinadores: Francisco Javier Gómez Díez, Almudena Hernández Ruigómez.
|
| 246 |
3 |
0 |
|a Tiempo histórico de Mario Hernández Sánchez-Barba
|
| 250 |
|
|
|a Primera edición.
|
| 264 |
|
1 |
|a Pozuelo de Alarcón (Madrid) :
|b Editorial UFV,
|c 2019.
|
| 300 |
|
|
|a 1 online resource :
|b illustrations.
|
| 336 |
|
|
|a text
|b txt
|2 rdacontent
|
| 337 |
|
|
|a computer
|b c
|2 rdamedia
|
| 338 |
|
|
|a online resource
|b cr
|2 rdacarrier
|
| 347 |
|
|
|a text file
|2 rdaft
|
| 347 |
|
|
|b PDF
|
| 490 |
1 |
|
|a Colección Homenajes ;
|v 4
|
| 504 |
|
|
|a Includes bibliographical references.
|
| 588 |
0 |
|
|a Online resource; title from PDF title page (Digitalia, viewed April 17, 2020)
|
| 650 |
|
0 |
|a History
|x Philosophy.
|
| 651 |
|
0 |
|a Spain
|x Historiography.
|
| 655 |
|
0 |
|a Electronic books.
|
| 700 |
1 |
|
|a Hernández Sánchez-Barba, Mario,
|e honoree.
|
| 700 |
1 |
|
|a Gómez Díez, Francisco Javier,
|e editor.
|
| 700 |
1 |
|
|a Hernández Ruigómez, Almudena,
|e editor.
|
| 791 |
2 |
|
|a Digitalia (Firm),
|e distributor.
|
| 793 |
0 |
|
|g Digitalia eBook Collection:
|a Editorial UFV
|
| 776 |
0 |
8 |
|i Print version:
|t Homenaje a Mario Hernández Sánchez-Barba. I, El tiempo histórico de Mario Hernández Sánchez-Barba
|d Pozuelo de Alarcón (Madrid) : Editorial UFV, 2019
|z 9788417641269
|
| 830 |
|
0 |
|a Colección Homenajes (Editorial UFV) ;
|v 4.
|
| 856 |
4 |
0 |
|3 Digitalia Hispánica
|u https://www.digitaliapublishing.com/a/61847/
|
| 910 |
|
|
|a Premium Collection: 2020
|